书目信息 |
| 题名: |
系统工程概论
|
|
| 作者: | 周德群 主编 | |
| 分册: | ||
| 出版信息: | 北京 科学出版社 2005.10 |
|
| 页数: | 11,264页 | |
| 开本: | 24cm | |
| 丛书名: | ||
| 单 册: | ||
| 中图分类: | N945 | |
| 科图分类: | ||
| 主题词: | 系统工程学--xi tong gong cheng xue--高等学校--教材 | |
| 电子资源: | ||
| ISBN: | 7-03-016053-3 | |
| 000 | 00812nam0 2200241 450 | |
| 001 | 012005000000 | |
| 005 | 20061116104329.29 | |
| 010 | @a7-03-016053-3@dCNY25.00 | |
| 100 | @a20060213d2005 em y0chiy0121 ea | |
| 101 | 0 | @achi |
| 102 | @aCN@b110000 | |
| 105 | @ay a 000yy | |
| 200 | 1 | @a系统工程概论@Axi tong gong cheng gai lun@f周德群主编 |
| 210 | @a北京@c科学出版社@d2005.10 | |
| 215 | @a11,264页@d24cm | |
| 300 | @a21世纪高等院校教材·工业工程系列 | |
| 320 | @a有书目 (第262-264页) | |
| 330 | @a本书系统地介绍了系统工程的有关理论与方法, 重点介绍了系统与系统工程的一般概念、系统工程方法论、系统仿真和系统决策等内容。 | |
| 606 | 0 | @a系统工程学@Axi tong gong cheng xue@x高等学校@j教材 |
| 690 | @aN945@v4 | |
| 701 | 0 | @a周德群@Azhou de qun@4主编 |
| 801 | 0 | @aCN@c20061116 |
| 905 | @a10447@dN945@eZ750 | |
| 系统工程概论/周德群主编.-北京:科学出版社,2005.10 |
| 11,264页;24cm |
| 21世纪高等院校教材·工业工程系列 |
| ISBN 7-03-016053-3:CNY25.00 |
| 本书系统地介绍了系统工程的有关理论与方法, 重点介绍了系统与系统工程的一般概念、系统工程方法论、系统仿真和系统决策等内容。 |
| ● |
| 相关链接 |
|
|
|
正题名:系统工程概论
索取号:N945/Z750
 
预约/预借
| 序号 | 登录号 | 条形码 | 馆藏地/架位号 | 状态 | 备注 |
| 1 | 638563 | 206385632 | 期刊室512/401自科库 142排2列3层/ [索取号:N945/Z750] | 在馆 | |
| 2 | 638564 | 206385641 | 期刊室512/401自科库 142排2列3层/ [索取号:N945/Z750] | 在馆 | |
| 3 | 638565 | 206385650 | 自科库401/401自科库 142排2列4层/ [索取号:N945/Z750] | 在馆 |